000 01010nam a22003137a 4500
003 CHAP
005 20220817043322.0
008 971013s r 00010 d
010 _a71689
011 _a72661
035 _a82217
040 _cCHAP
090 _aFolleto 1778
100 0 0 _aAguilar Saldana, Homobono.
_92844
245 _aSugerencias para el establecimiento de experimentos de fertilización en alfalfa
260 _a(s.l. s.e.),
_c(s.a.)
300 _as.p.
_b: ilus.
590 _aBATCH-UPD
_b10
_c20130110
_lUCH01
_h1537
590 _aBATCH-UPD
_b10
_c20130410
_lUCH01
_h0941
590 _aBATCH-UPD
_b10
_c20130914
_lUCH01
_h0230
590 _aCONVERSION
_b10
_c20130109
_lUCH01
_h1339
650 1 4 _aAgricultura
_xExperimentación.
_91476
650 1 4 _aAlfalfa.
901 _aBK
942 _cFOLL
949 _aFolleto 1778
_bBC
_cFOLL
_d-36131
_eTS1
_i82217
_si
949 _aFolleto 1778
_bBC
_cFOLL
_d-36132
_eTS2
_fc.2
_i82217
_si
949 _aFolleto 1778
_bBC
_cFOLL
_d-36134
_eTS2
_fc.3
_i82217
_si
999 _c71689
_d71689